乃木坂46のセンター未経験者 - Statistics

General Stats
  • This quiz has been taken 36 times
    21 since last reset
  • The average score is 17 of 30
Answer Stats
期生 メンバー % Correct
3 向井葉月
87%
4 黒見明香
87%
4 弓木奈於
87%
4 矢久保美緒
80%
6 増田三莉音
80%
3 吉田綾乃クリスティー
73%
4 清宮レイ
73%
6 愛宕心響
73%
6 海邉朱莉
73%
1 斎藤ちはる
67%
4 佐藤璃果
67%
6 川端晃菜
67%
6 鈴木佑捺
67%
6 長嶋凛桜
67%
1 市來玲奈
60%
4 北川悠理
60%
6 小津玲奈
60%
2 伊藤純奈
53%
6 大越ひなの
53%
1 安藤美雲
40%
1 大和里菜
40%
2 伊藤かりん
40%
2 佐々木琴子
40%
2 新内眞衣
40%
1 岩瀬佑美子
33%
1 柏幸奈
33%
1 川後陽菜
33%
2 相楽伊織
33%
1 宮澤成良
27%
1 川村真洋
27%
No matching quizzes found
Score Distribution
Percent of People with Each Score
Percentile by Number Answered
Your Score History
You have not taken this quiz since the last reset